000 00357nam a22001457a 4500
003 DO-SdBNP
005 20161020094309.0
008 161020b1995 sp||||| |||| 00| 0 spa d
020 _a8492005521
040 _aBPMSU
_bspa
_cBPMSU
245 _aEl gran libro de consulta
260 _aMadrid :
_bEl PaĆ­s ,
_c1994
942 _2ddc
_cBK
956 _adgarcia
999 _c11622
_d11622